Economic growth in the OECD area recent trends at the aggregate and sectoral level

Salvato in:
Dettagli Bibliografici
Autore principale: Scarpetta, Stefano
Natura: Libro
Lingua:inglese
Pubblicazione: Paris OECD 2000
Serie:Economics department working papers No. 248
Soggetti:
Tags: Aggiungi Tag
Nessun Tag, puoi essere il primo ad aggiungerne!!

MARC

LEADER 00000nam a2200000 4500
001 c122534
005 20221108082845.3
041 0 |a eng 
044 |a FR 
245 1 0 |a Economic growth in the OECD area  |b recent trends at the aggregate and sectoral level  |c by Stefano Scarpetta ... [et al.] 
264 1 |a Paris  |b OECD  |c 2000 
300 |a 130 s. 
490 1 |a Economics department working papers  |v No. 248 
830 0 |a Economics department working papers  |v No. 248 
610 2 0 |a rast hospodársky 
610 2 0 |a výroba 
610 2 0 |a produktivita 
610 2 0 |a práca 
610 2 0 |a kapitál 
610 2 0 |a príjmy 
610 2 0 |a sektory hospodárske 
610 2 0 |a údaje štatistické 
610 2 0 |a porovnanie medzinárodné 
100 1 |a Scarpetta, Stefano